Normal view MARC view
  • Aneja.P. L

Entry Personal Name

Number of records used in: 2

001 - CONTROL NUMBER

  • control field: 2798

003 - CONTROL NUMBER IDENTIFIER

  • control field: OSt

005 - DATE AND TIME OF LATEST TRANSACTION

  • control field: 20170207133603.0

008 - FIXED-LENGTH DATA ELEMENTS

  • fixed length control field: 170207|| aca||aabn | a|a d

040 ## - CATALOGING SOURCE

  • Original cataloging agency: OSt

100 ## - HEADING--PERSONAL NAME

  • Personal name: Aneja.P. L

Powered by Koha